000 00443pab a2200169 454500
008 180718b2008 xxu||||| |||| 00| 0 eng d
100 _aBanerjee, Sumanta
245 _aGuess who's calling Us for dinner?
260 _c2008
300 _ap.22-23.
362 _a15 Nov
650 _aUnited States - Politics and government
650 _aPolitics and government
773 _aEconomic and Political Weekly
908 _aN
909 _a80291
999 _c80291
_d80291